Orca Soundings resource guide : (Record no. 129476)
[ view plain ]
| 000 -LEADER | |
|---|---|
| fixed length control field | 03306nam a2200457 i 4500 |
| 001 - CONTROL NUMBER | |
| control field | ebr10773311 |
| 003 - CONTROL NUMBER IDENTIFIER | |
| control field | CaPaEBR |
| 006 - FIXED-LENGTH DATA ELEMENTS--ADDITIONAL MATERIAL CHARACTERISTICS--GENERAL INFORMATION | |
| fixed length control field | m o d |
| 007 - PHYSICAL DESCRIPTION FIXED FIELD--GENERAL INFORMATION | |
| fixed length control field | cr cn||||||||| |
| 008 - FIXED-LENGTH DATA ELEMENTS--GENERAL INFORMATION | |
| fixed length control field | 110110s2009 bcca o 000 0 eng d |
| 020 ## - INTERNATIONAL STANDARD BOOK NUMBER | |
| International Standard Book Number | 9781554693887 (e-book) |
| Cancelled/invalid ISBN | 9781551439549 (print) |
| 040 ## - CATALOGING SOURCE | |
| Original cataloging agency | CaPaEBR |
| Language of cataloging | eng |
| Description conventions | rda |
| -- | pn |
| Transcribing agency | CaPaEBR |
| 035 ## - SYSTEM CONTROL NUMBER | |
| System control number | (OCoLC)881711606 |
| 050 14 - LIBRARY OF CONGRESS CALL NUMBER | |
| Classification number | LB1632 |
| Item number | .O72 2009eb |
| 082 04 - DEWEY DECIMAL CLASSIFICATION NUMBER | |
| Classification number | 428.4071/2 |
| Edition number | 22 |
| 100 1# - MAIN ENTRY--PERSONAL NAME | |
| Personal name | Geye, Susan. |
| 245 10 - TITLE STATEMENT | |
| Title | Orca Soundings resource guide : |
| Remainder of title | teen fiction for reluctant readers / |
| Statement of responsibility, etc | Susan Geye, Janice Reynolds. |
| 246 3# - VARYING FORM OF TITLE | |
| Title proper/short title | Orca Soundings guide |
| 264 #1 - PRODUCTION, PUBLICATION, DISTRIBUTION, MANUFACTURE, AND COPYRIGHT NOTICE | |
| Place of production, publication, distribution, manufacture | [Victoria, British Columbia] : |
| Name of producer, publisher, distributor, manufacturer | Orca Book Publishers, |
| Date of production, publication, distribution, manufacture, or copyright notice | 2009. |
| 300 ## - PHYSICAL DESCRIPTION | |
| Extent | 1 online resource (298 pages) : |
| Other physical details | illustrations |
| 336 ## - CONTENT TYPE | |
| Content type term | text |
| Source | rdacontent |
| 337 ## - MEDIA TYPE | |
| Media type term | computer |
| Source | rdamedia |
| 338 ## - CARRIER TYPE | |
| Carrier type term | online resource |
| Source | rdacarrier |
| 500 ## - GENERAL NOTE | |
| General note | Cover title. |
| 505 0# - FORMATTED CONTENTS NOTE | |
| Formatted contents note | Value of using Orca Soundings in the classroom -- Orca Soundings and reading levels -- How to use this curriculum guide -- Classroom teaching ideas, reading workshop, individual silent reading -- Literature circles -- Assigning students to book discussion groups -- Student ownership of book discussion groups -- Modeling responses to literature -- Written preparation for literature circles discussion -- Dialectical journals -- Group sharing -- Assessment, informal -- Assessment, formal -- Culminating activities -- Preview reading activity -- Biographies -- Book summaries with reading levels -- Books grouped by subject -- Book titles with themes. Index of teachers' guides: Back -- Bang -- Battle of the bands -- Big guy -- Blue Moon -- Breathless -- Bull rider -- Bull's eye -- Charmed -- Chill -- Crush -- The Darwin expedition -- Dead-end job -- Death wind -- Down -- Exit point -- Exposure -- Fastback beach -- First time -- Grind -- The Hemingway tradition -- Hit squad -- Home invasion -- House party -- I.D. -- Juice -- Kicked out -- Learning to fly -- Lockdown -- Middle row -- My time as Caz Hazard -- No more pranks -- No problem -- One more step -- Overdrive -- Pain & wastings -- Refuge Cove -- Responsible -- Riley Park -- Saving Grace -- Scum -- Snitch -- Something girl -- Spiral -- Sticks and stones -- Stuffed -- Tell -- Thunderbowl -- Tough trails -- The trouble with Liberty -- Truth -- Wave warrior -- Who owns Kelly Paddik? -- Yellow line -- Zee's way. |
| 588 ## - SOURCE OF DESCRIPTION NOTE | |
| Source of description note | Description based on online resource; title from PDF title page (ebrary, viewed October 20, 2013). |
| 590 ## - LOCAL NOTE (RLIN) | |
| Local note | Electronic reproduction. Palo Alto, Calif. : ebrary, 2013. Available via World Wide Web. Access may be limited to ebrary affiliated libraries. |
| 650 #0 - SUBJECT ADDED ENTRY--TOPICAL TERM | |
| Topical term or geographic name as entry element | Young adult literature |
| General subdivision | Study and teaching (Secondary) |
| Topical term or geographic name as entry element | Literature |
| General subdivision | Study and teaching (Secondary) |
| Topical term or geographic name as entry element | Readers (Secondary) |
| Topical term or geographic name as entry element | Reading |
| General subdivision | Remedial teaching. |
| Topical term or geographic name as entry element | Language arts |
| General subdivision | Remedial teaching. |
| Topical term or geographic name as entry element | Language arts (Secondary) |
| Topical term or geographic name as entry element | Creative activities and seat work. |
| Topical term or geographic name as entry element | High interest-low vocabulary books. |
| 655 #0 - INDEX TERM--GENRE/FORM | |
| Genre/form data or focus term | Electronic books. |
| 700 1# - ADDED ENTRY--PERSONAL NAME | |
| Personal name | Reynolds, Janice T. |
| 797 2# - LOCAL ADDED ENTRY--CORPORATE NAME (RLIN) | |
| Corporate name or jurisdiction name as entry element | ebrary. |
| 856 40 - ELECTRONIC LOCATION AND ACCESS | |
| Uniform Resource Identifier | <a href="http://site.ebrary.com/lib/rucke/Doc?id=10773311">http://site.ebrary.com/lib/rucke/Doc?id=10773311</a> |
| Public note | An electronic book accessible through the World Wide Web; click to view |
No items available.
